000 00706cam a22002291i 4500
001 he 68004759
003 DLC
005 20260227111509.0
008 880411s1964 is a 000 0aheb
010 _ahe 68004759
035 _a(OCoLC)17767568
040 _aDLC
_cTxU
_dTxU
_dDLC
042 _apremarc
050 0 0 _aCT1919.P38
_bA4562
245 0 0 _aAvri :
_b[le-zikhro shel Avraham Alpan zal].
260 _a[ha-ʻOgen] :
_bha-ʻOgen, Kibuts ha-Shomer ha-tsaʻir,
_c1964.
300 _a55 p. :
_bill. ;
_c24 cm.
500 _aIncludes letters and essays of A. Alpan.
600 1 0 _aAlpan, Abraham,
_d1946-1964
_xCorrespondence.
700 1 _aAlpan, Abraham,
_d1946-1964.
710 1 _aHa-ʻOgen (Israel)
999 _c34154
_d34154